[Event "448. Wednesday (05.08.2020)"]
[Site "Official B"]
[Date "2020.08.05"]
[Round "1"]
[White "Smart-arse"]
[Black "Minimaxi0708"]
[Result "1-0"]
[WhiteElo "1812"]
[BlackElo "1555"]
[Annotator "NA RC"]
[PlyCount "87"]
[EventDate "2020.08.05"]
[EventType "swiss (blitz)"]

1. e4 {[%emt 0:00:01]} e6 {[%emt 0:00:01]} 2. d4 {[%emt 0:00:04]} d5 {[%emt 0:00:00]} 3. Nc3 {[%emt 0:00:01]} dxe4 {[%emt 0:00:02]} 4. Nxe4 {[%emt 0:00:00]} Nd7 {[%emt 0:00:00]} 5. Nf3 {[%emt 0:00:07]} Ngf6 {[%emt 0:00:01]} 6. Bd3 {[%emt 0:00:01]} Nxe4 {[%emt 0:00:02]} 7. Bxe4 {[%emt 0:00:00]} Nf6 {[%emt 0:00:01]} 8. Bd3 {[%emt 0:00:01]} c5 {[%emt 0:00:01]} 9. O-O {[%emt 0:00:59]} cxd4 {[%emt 0:00:03]} 10. Nxd4 {[%emt 0:00:49]} Bc5 {[%emt 0:00:03]} 11. Nb3 {[%emt 0:00:01]} Bb6 {[%emt 0:00:02]} 12. c4 {[%emt 0:00:06]} Qc7 {[%emt 0:00:11]} 13. Bg5 {[%emt 0:00:06]} Bd7 {[%emt 0:00:12]} 14. Rc1 {[%emt 0:00:14]} Bc6 {[%emt 0:00:05]} 15. c5 {[%emt 0:00:09]} Bxg2 {[%emt 0:00:50]} 16. cxb6 {[%emt 0:00:11]} Qe5 {[%emt 0:00:22]} 17. Bxf6 {[%emt 0:00:26]} Qxf6 {[%emt 0:00:23]} 18. Kxg2 {[%emt 0:00:04]} Qg5+ {[%emt 0:00:06]} 19. Kh1 {[%emt 0:00:03]} Qd5+ {[%emt 0:00:14]} 20. f3 {[%emt 0:00:02]} g5 {[%emt 0:00:04]} 21. Be4 {[%emt 0:00:04]} Qe5 {[%emt 0:00:12]} 22. Bxb7 {[%emt 0:00:10]} Rd8 {[%emt 0:00:01]} 23. bxa7 {[%emt 0:00:10]} Rxd1 {[%emt 0:00:33]} 24. a8=Q+ {[%emt 0:00:01]} Rd8 {[%emt 0:00:01]} 25. Rc8 {[%emt 0:00:12]} Ke7 {[%emt 0:00:07]} 26. Qa3+ {[%emt 0:00:07]} Kf6 {[%emt 0:00:09]} 27. Qb4 {[%emt 0:00:06]} Rxc8 {[%emt 0:00:10]} 28. Bxc8 {[%emt 0:00:00]} Qxb2 {[%emt 0:00:07]} 29. Qd4+ {[%emt 0:00:01]} Qxd4 {[%emt 0:00:04]} 30. Nxd4 {[%emt 0:00:00]} Rxc8 {[%emt 0:00:01]} 31. Ra1 {[%emt 0:00:05]} Rc4 {[%emt 0:00:03]} 32. Nb5 {[%emt 0:00:03]} Rf4 {[%emt 0:00:02]} 33. a4 {[%emt 0:00:01]} Rxf3 {[%emt 0:00:02]} 34. a5 {[%emt 0:00:01]} Rb3 {[%emt 0:00:02]} 35. a6 {[%emt 0:00:02]} Rxb5 {[%emt 0:00:02]} 36. a7 {[%emt 0:00:00]} g4 {[%emt 0:00:01]} 37. a8=Q {[%emt 0:00:01]} h5 {[%emt 0:00:02]} 38. Qd8+ {[%emt 0:00:01]} Kg6 {[%emt 0:00:02]} 39. Qd3+ {[%emt 0:00:01]} f5 {[%emt 0:00:01]} 40. Qxb5 {[%emt 0:00:01]} Kf6 {[%emt 0:00:00]} 41. Ra6 {[%emt 0:00:01]} Kg5 {[%emt 0:00:00]} 42. Rxe6 {[%emt 0:00:02]} Kh4 {[%emt 0:00:01]} 43. Qe5 {[%emt 0:00:02]} g3 {[%emt 0:00:00]} 44. Qxg3# {[%emt 0:00:02] (Lag: Av=1.06s, max=2.3s)} 1-0

[Event "448. Wednesday (05.08.2020)"]
[Site "Official B"]
[Date "2020.08.05"]
[Round "1"]
[White "Halligalli1601"]
[Black "Duckduck"]
[Result "1-0"]
[WhiteElo "1808"]
[BlackElo "1371"]
[Annotator "NA RC"]
[PlyCount "67"]
[EventDate "2020.08.05"]
[EventType "swiss (blitz)"]

1. e4 {[%emt 0:00:04]} e6 {[%emt 0:00:00]} 2. Nf3 {[%emt 0:00:05]} d6 {[%emt 0:00:00]} 3. d4 {[%emt 0:00:02]} b6 {[%emt 0:00:00]} 4. c4 {[%emt 0:00:02]} Bb7 {[%emt 0:00:01]} 5. Nc3 {[%emt 0:00:01]} Be7 {[%emt 0:00:01]} 6. Be3 {[%emt 0:00:01]} Nf6 {[%emt 0:00:02]} 7. Qc2 {[%emt 0:00:03]} c5 {[%emt 0:00:02]} 8. Be2 {[%emt 0:00:33]} O-O {[%emt 0:00:03]} 9. e5 {[%emt 0:00:02]} Ne8 {[%emt 0:00:03]} 10. exd6 {[%emt 0:00:06]} Bxd6 {[%emt 0:00:01]} 11. dxc5 {[%emt 0:00:02]} Bxc5 {[%emt 0:00:03]} 12. Bxc5 {[%emt 0:00:05]} bxc5 {[%emt 0:00:02]} 13. Rd1 {[%emt 0:00:05]} Qe7 {[%emt 0:00:07]} 14. Qd2 {[%emt 0:00:12]} Na6 {[%emt 0:00:14]} 15. Qd7 {[%emt 0:00:02]} Qxd7 {[%emt 0:00:05]} 16. Rxd7 {[%emt 0:00:02]} Bc6 {[%emt 0:00:01]} 17. Rd2 {[%emt 0:00:01]} g6 {[%emt 0:00:02]} 18. O-O {[%emt 0:00:03]} Ng7 {[%emt 0:00:02]} 19. Rfd1 {[%emt 0:00:02]} Nf5 {[%emt 0:00:15]} 20. Ne5 {[%emt 0:00:22]} Rac8 {[%emt 0:00:19]} 21. Nxc6 {[%emt 0:00:05]} Rxc6 {[%emt 0:00:02]} 22. Nb5 {[%emt 0:00:01]} Nd4 {[%emt 0:00:13]} 23. Nxd4 {[%emt 0:00:03]} cxd4 {[%emt 0:00:02]} 24. Rxd4 {[%emt 0:00:02]} Rfc8 {[%emt 0:00:08]} 25. b3 {[%emt 0:00:02]} Nb4 {[%emt 0:00:02]} 26. R4d2 {[%emt 0:00:01]} Rc5 {[%emt 0:00:04]} 27. a3 {[%emt 0:00:15]} Nc6 {[%emt 0:00:02]} 28. b4 {[%emt 0:00:04]} Rg5 {[%emt 0:00:05]} 29. c5 {[%emt 0:00:11]} Ne7 {[%emt 0:00:15]} 30. Rd7 {[%emt 0:00:03]} Nd5 {[%emt 0:00:11]} 31. Bf3 {[%emt 0:00:05]} Nc3 {[%emt 0:00:15]} 32. R1d3 {[%emt 0:00:03]} Nd5 {[%emt 0:00:08]} 33. Bxd5 {[%emt 0:00:04]} exd5 {[%emt 0:00:02]} 34. R3xd5 {[%emt 0:00:01] Duckduck gibt auf (Lag: Av=0.33s, max=0.7s)} 1-0

[Event "448. Wednesday (05.08.2020)"]
[Site "Official B"]
[Date "2020.08.05"]
[Round "1"]
[White "Schaumi"]
[Black "Serrano2003"]
[Result "1-0"]
[WhiteElo "1751"]
[BlackElo "1392"]
[Annotator "NA RC"]
[PlyCount "145"]
[EventDate "2020.08.05"]
[EventType "swiss (blitz)"]

1. d4 {[%emt 0:00:01]} e6 {[%emt 0:00:02]} 2. c4 {[%emt 0:00:02]} d5 {[%emt 0:00:01]} 3. g3 {[%emt 0:00:02]} dxc4 {[%emt 0:00:02]} 4. Bg2 {[%emt 0:00:05]} c6 {[%emt 0:00:01]} 5. a4 {[%emt 0:00:02]} Bd7 {[%emt 0:00:02]} 6. a5 {[%emt 0:00:06]} a6 {[%emt 0:00:03]} 7. Nh3 {[%emt 0:00:12]} Bb4+ {[%emt 0:00:04]} 8. Bd2 {[%emt 0:00:02]} Bxd2+ {[%emt 0:00:06]} 9. Nxd2 {[%emt 0:00:04]} Nf6 {[%emt 0:00:07]} 10. Nxc4 {[%emt 0:00:03]} O-O {[%emt 0:00:08]} 11. O-O {[%emt 0:00:07]} Nd5 {[%emt 0:00:09]} 12. e4 {[%emt 0:00:04]} Nc7 {[%emt 0:00:02]} 13. Nb6 {[%emt 0:00:07]} Ra7 {[%emt 0:00:03]} 14. b4 {[%emt 0:00:02]} Nb5 {[%emt 0:00:02]} 15. Rc1 {[%emt 0:00:11]} Be8 {[%emt 0:00:05]} 16. d5 {[%emt 0:00:04]} exd5 {[%emt 0:00:02]} 17. exd5 {[%emt 0:00:01]} cxd5 {[%emt 0:00:02]} 18. Bxd5 {[%emt 0:00:05]} Bc6 {[%emt 0:00:05]} 19. Nf4 {[%emt 0:00:09]} Bxd5 {[%emt 0:00:02]} 20. Nfxd5 {[%emt 0:00:04]} Nc6 {[%emt 0:00:02]} 21. Qg4 {[%emt 0:00:11]} Qd6 {[%emt 0:00:14]} 22. Rfd1 {[%emt 0:00:05]} Qg6 {[%emt 0:00:07]} 23. Qf4 {[%emt 0:00:16]} Qe6 {[%emt 0:00:15]} 24. Re1 {[%emt 0:00:09]} Qd6 {[%emt 0:00:07]} 25. Qe3 {[%emt 0:00:13]} Nxb4 {[%emt 0:00:05]} 26. Nxb4 {[%emt 0:00:05]} Qxb4 {[%emt 0:00:02]} 27. Nd5 {[%emt 0:00:01]} Qd4 {[%emt 0:00:09]} 28. Ne7+ {[%emt 0:00:20]} Kh8 {[%emt 0:00:04]} 29. Qg5 {[%emt 0:00:06]} Qf6 {[%emt 0:00:11]} 30. Qc5 {[%emt 0:00:09]} Qd6 {[%emt 0:00:06]} 31. Qe3 {[%emt 0:00:08]} Qd4 {[%emt 0:00:05]} 32. Qg5 {[%emt 0:00:08]} Qf6 {[%emt 0:00:03]} 33. Qc5 {[%emt 0:00:05]} Qd4 {[%emt 0:00:02]} 34. Qc2 {[%emt 0:00:08]} Raa8 {[%emt 0:00:07]} 35. Nf5 {[%emt 0:00:03]} Qf6 {[%emt 0:00:07]} 36. Qe4 {[%emt 0:00:05]} g6 {[%emt 0:00:04]} 37. Nh6 {[%emt 0:00:09]} Kg7 {[%emt 0:00:03]} 38. Ng4 {[%emt 0:00:03]} Qf5 {[%emt 0:00:02]} 39. Qxf5 {[%emt 0:00:05]} gxf5 {[%emt 0:00:02]} 40. Ne3 {[%emt 0:00:01]} Kf6 {[%emt 0:00:03]} 41. Rc5 {[%emt 0:00:05]} Rfe8 {[%emt 0:00:03]} 42. Rxf5+ {[%emt 0:00:02]} Kg6 {[%emt 0:00:02]} 43. Rf4 {[%emt 0:00:08]} Nd6 {[%emt 0:00:06]} 44. Rd1 {[%emt 0:00:03]} Nb5 {[%emt 0:00:05]} 45. h4 {[%emt 0:00:04]} Rad8 {[%emt 0:00:03]} 46. Rc1 {[%emt 0:00:03]} Rc8 {[%emt 0:00:02]} 47. Ra1 {[%emt 0:00:03]} Red8 {[%emt 0:00:06]} 48. Rg4+ {[%emt 0:00:03]} Kf6 {[%emt 0:00:02]} 49. Rg5 {[%emt 0:00:02]} h5 {[%emt 0:00:02]} 50. Rxh5 {[%emt 0:00:02]} Kg6 {[%emt 0:00:02]} 51. Rg5+ {[%emt 0:00:01]} Kf6 {[%emt 0:00:02]} 52. Ng4+ {[%emt 0:00:01]} Ke6 {[%emt 0:00:02]} 53. Re1+ {[%emt 0:00:01]} Kd6 {[%emt 0:00:02]} 54. Rf5 {[%emt 0:00:02]} Rd7 {[%emt 0:00:05]} 55. Rf6+ {[%emt 0:00:02]} Kc5 {[%emt 0:00:02]} 56. Ne5 {[%emt 0:00:02]} Kb4 {[%emt 0:00:03]} 57. Nxd7 {[%emt 0:00:01]} Kxa5 {[%emt 0:00:02]} 58. Rxf7 {[%emt 0:00:01]} Rc2 {[%emt 0:00:02]} 59. h5 {[%emt 0:00:01]} Kb4 {[%emt 0:00:01]} 60. h6 {[%emt 0:00:01]} Rc8 {[%emt 0:00:03]} 61. Rf8 {[%emt 0:00:01]} Rc7 {[%emt 0:00:02]} 62. h7 {[%emt 0:00:01]} Rxd7 {[%emt 0:00:02]} 63. h8=Q {[%emt 0:00:00]} Rd3 {[%emt 0:00:02]} 64. Qb2+ {[%emt 0:00:00]} Kc4 {[%emt 0:00:02]} 65. Rc1+ {[%emt 0:00:00]} Kd5 {[%emt 0:00:03]} 66. Rd8+ {[%emt 0:00:01]} Ke6 {[%emt 0:00:01]} 67. Rxd3 {[%emt 0:00:00]} Kf5 {[%emt 0:00:03]} 68. Qe2 {[%emt 0:00:00]} Kg5 {[%emt 0:00:01]} 69. Rf3 {[%emt 0:00:00]} Kg6 {[%emt 0:00:01]} 70. Rc4 {[%emt 0:00:00]} Kg7 {[%emt 0:00:01]} 71. Qe5+ {[%emt 0:00:01]} Kg8 {[%emt 0:00:01]} 72. Rg4+ {[%emt 0:00:00]} Kh7 {[%emt 0:00:02]} 73. Qh5# {[%emt 0:00:00] (Lag: Av=0.63s, max=1.4s)} 1-0

[Event "448. Wednesday (05.08.2020)"]
[Site "Official B"]
[Date "2020.08.05"]
[Round "1"]
[White "Hühnersuppe"]
[Black "Sedarpl"]
[Result "0-1"]
[WhiteElo "1735"]
[BlackElo "2193"]
[Annotator "TA"]
[PlyCount "88"]
[EventDate "2020.08.05"]
[EventType "swiss (blitz)"]

{[%evp 10,87,29,11,41,20,50,58,43,52,48,43,103,73,116,0,0,1,2,0,0,5,18,21,33,33,52,16,8,7,43,43,173,18,19,0,0,-20,21,21,21,21,119,21,21,0,24,0,0,-329,-355,-347,-314,-758,-726,-597,-307,-753,-747,-748,-737,-741,-592,-703,-622,-788,-799,-741,-700,-29991,-29992,-29992,-29993,-29993,-29994,-29994,-29995,-29995,-29996,-29999]} 1. d4 d5 2. c4 e6 3. Nc3 Nf6 4. Nf3 Nbd7 5. e3 Bb4 6. a3 Bxc3+ {D38: Queen's Gambit Declined: Ragozin Defence (4 Nf3 Bb4).} 7. bxc3 Ne4 8. Qb3 c6 {[#] White is slightly better.} 9. a4 $146 ({Predecessor:} 9. Bd3 Qa5 10. Bxe4 dxe4 11. Nd2 Qg5 12. O-O f5 13. c5 O-O 14. Qxe6+ Kh8 15. Qd6 {1-0 (27) Trisic,A (2283)-Wunderlich,F (1808) Hamburg 2017}) 9... O-O 10. Bd3 f5 (10... b6 $14) 11. O-O g5 12. Ne5 (12. Nd2 $16) 12... Nxe5 $11 13. dxe5 Nc5 14. Qc2 Nxd3 15. Qxd3 Bd7 16. Ba3 Rf7 17. Bd6 Rg7 18. f4 gxf4 19. exf4 Qb6+ 20. c5 Qb2 (20... Qa5 $14) 21. Qf3 $2 {[#]} (21. g3 $18 {And now Rfb1 would win.} Qb3 22. Rfb1) 21... Be8 22. Rab1 Qc2 23. Rfc1 (23. g3 {with more complications.} Qxa4 24. Rb4 Qc2 25. Rf2 Qc1+ 26. Rf1) 23... Qe4 (23... Qxa4 {with more complications.} 24. Rb4 Qa2 25. Rcb1 Bh5 26. Qf2 Qe2) 24. Qxe4 dxe4 25. a5 Bh5 (25... a6 $11 {keeps the balance.}) 26. Kf2 (26. Rb2 $16) 26... Kh8 27. g3 Rag8 28. a6 bxa6 29. Rb8 $2 {[%mdl 8192] White is now going downhill.} (29. Ke3 $11) 29... Rxb8 $19 30. Bxb8 {[%mdl 4096] Endgame intending Rb1. KRB-KRB} Rb7 31. Bd6 $2 (31. g4 Bxg4 32. Bd6) 31... Rb2+ 32. Ke3 Rxh2 {...Re2+ is the strong threat.} 33. Be7 $2 (33. c4) 33... Re2+ 34. Kd4 Rd2+ 35. Kc4 Be2+ 36. Kb3 Bd1+ 37. Kc4 e3 {[#] ( -> ...e2)} 38. Bh4 e2 39. Rb1 e1=Q {[%cal Re1e4] Black mates.} 40. Bf6+ Kg8 {[%cal Re1e4]} 41. Rb8+ Kf7 {[%cal Re1e4]} 42. Rb7+ Kg6 {[%cal Re1e4]} 43. Rg7+ Kh6 {[%cal Re1e4]} 44. Rg5 Qe4# {Accuracy: White = 43%, Black = 61%.} 0-1

[Event "448. Wednesday (05.08.2020)"]
[Site "Official B"]
[Date "2020.08.05"]
[Round "1"]
[White "Stader Löwe"]
[Black "Verteidigung"]
[Result "0-1"]
[WhiteElo "1732"]
[BlackElo "1438"]
[Annotator "NA RC"]
[PlyCount "34"]
[EventDate "2020.08.05"]
[EventType "swiss (blitz)"]

1. e4 {[%emt 0:00:18]} c6 {[%emt 0:00:02]} 2. d4 {[%emt 0:00:03]} d5 {[%emt 0:00:02]} 3. e5 {[%emt 0:00:01]} Bf5 {[%emt 0:00:02]} 4. Ne2 {[%emt 0:00:02]} e6 {[%emt 0:00:02]} 5. Ng3 {[%emt 0:00:02]} Bg6 {[%emt 0:00:01]} 6. h4 {[%emt 0:00:07]} h5 {[%emt 0:00:18]} 7. Be2 {[%emt 0:00:02]} c5 {[%emt 0:00:09]} 8. c3 {[%emt 0:00:08]} cxd4 {[%emt 0:00:03]} 9. cxd4 {[%emt 0:00:01]} Nc6 {[%emt 0:00:01]} 10. Nc3 {[%emt 0:00:04]} Qb6 {[%emt 0:00:08] Verteidigung reconnected. Verteidigung reconnected.} 11. Bxh5 {[%emt 0:00:47]} Bxh5 {[%emt 0:00:10]} 12. Nxh5 {[%emt 0:00:02]} Qxd4 {[%emt 0:00:04]} 13. Qxd4 {[%emt 0:00:17]} Nxd4 {[%emt 0:00:02]} 14. Be3 {[%emt 0:00:13]} Nc2+ {[%emt 0:00:02]} 15. Kd2 {[%emt 0:00:01]} Nxa1 {[%emt 0:00:08]} 16. Ng3 {[%emt 0:00:02]} O-O-O {[%emt 0:00:21]} 17. h5 {[%emt 0:00:02]} d4 {[%emt 0:00:06] Stader Löwe gibt auf (Lag: Av=1.00s, max=5.6s)} 0-1

[Event "448. Wednesday (05.08.2020)"]
[Site "Official B"]
[Date "2020.08.05"]
[Round "1"]
[White "Alex29"]
[Black "Flaviao"]
[Result "1-0"]
[WhiteElo "1715"]
[BlackElo "1531"]
[Annotator "NA RC"]
[PlyCount "111"]
[EventDate "2020.08.05"]
[EventType "swiss (blitz)"]

1. e4 {[%emt 0:00:27]} d6 {[%emt 0:00:08]} 2. d4 {[%emt 0:00:02]} c6 {[%emt 0:00:01]} 3. Nc3 {[%emt 0:00:01]} Qc7 {[%emt 0:00:01]} 4. Nf3 {[%emt 0:00:01]} Nd7 {[%emt 0:00:01]} 5. Bd3 {[%emt 0:00:01]} e5 {[%emt 0:00:01]} 6. dxe5 {[%emt 0:00:01]} Nxe5 {[%emt 0:00:02]} 7. Nxe5 {[%emt 0:00:01]} dxe5 {[%emt 0:00:01]} 8. Qe2 {[%emt 0:00:01]} Nf6 {[%emt 0:00:03]} 9. O-O {[%emt 0:00:01]} Bg4 {[%emt 0:00:03]} 10. f3 {[%emt 0:00:02]} Bd7 {[%emt 0:00:03]} 11. b3 {[%emt 0:00:01]} Be7 {[%emt 0:00:05]} 12. Bb2 {[%emt 0:00:01]} O-O {[%emt 0:00:04]} 13. a4 {[%emt 0:00:01]} Nh5 {[%emt 0:00:02]} 14. Bc1 {[%emt 0:00:05]} Nf4 {[%emt 0:00:06]} 15. Bxf4 {[%emt 0:00:01]} exf4 {[%emt 0:00:01]} 16. Nd1 {[%emt 0:00:01]} Bc5+ {[%emt 0:00:04]} 17. Kh1 {[%emt 0:00:02]} Bd4 {[%emt 0:00:03]} 18. c3 {[%emt 0:00:03]} Be5 {[%emt 0:00:03]} 19. Rc1 {[%emt 0:00:01]} Rad8 {[%emt 0:00:06]} 20. Nf2 {[%emt 0:00:01]} Qd6 {[%emt 0:00:06]} 21. Rfd1 {[%emt 0:00:03]} Qh6 {[%emt 0:00:06]} 22. b4 {[%emt 0:00:04]} a6 {[%emt 0:00:17]} 23. a5 {[%emt 0:00:01]} Be6 {[%emt 0:00:09]} 24. Bc4 {[%emt 0:00:03]} Kh8 {[%emt 0:00:09]} 25. Bxe6 {[%emt 0:00:02]} fxe6 {[%emt 0:00:02]} 26. c4 {[%emt 0:00:01]} Rd4 {[%emt 0:00:04]} 27. Ng4 {[%emt 0:00:02]} Qg5 {[%emt 0:00:10]} 28. Nxe5 {[%emt 0:00:01]} Qxe5 {[%emt 0:00:02]} 29. Rxd4 {[%emt 0:00:02]} Qxd4 {[%emt 0:00:01]} 30. Rd1 {[%emt 0:00:01]} Qe5 {[%emt 0:00:03]} 31. h3 {[%emt 0:00:01]} h5 {[%emt 0:00:05]} 32. c5 {[%emt 0:00:01]} Kh7 {[%emt 0:00:01]} 33. Rd7 {[%emt 0:00:08]} Rf6 {[%emt 0:00:11]} 34. Qd3 {[%emt 0:00:05]} Qa1+ {[%emt 0:00:08]} 35. Kh2 {[%emt 0:00:03]} Rg6 {[%emt 0:00:02]} 36. Qd2 {[%emt 0:00:08]} Rg3 {[%emt 0:00:19]} 37. Qxf4 {[%emt 0:00:06]} Rg6 {[%emt 0:00:14]} 38. Qd2 {[%emt 0:00:09]} Qe5+ {[%emt 0:00:04]} 39. Kh1 {[%emt 0:00:04]} Qa1+ {[%emt 0:00:09]} 40. Qd1 {[%emt 0:00:01]} Qe5 {[%emt 0:00:02]} 41. Rxb7 {[%emt 0:00:04]} Qg3 {[%emt 0:00:02]} 42. Qe2 {[%emt 0:00:08]} Qf4 {[%emt 0:00:10]} 43. Rd7 {[%emt 0:00:07]} h4 {[%emt 0:00:06]} 44. e5 {[%emt 0:00:03]} Qg3 {[%emt 0:00:11]} 45. Rd4 {[%emt 0:00:06]} Kh6 {[%emt 0:00:13]} 46. Rg4 {[%emt 0:00:05]} Rxg4 {[%emt 0:00:10]} 47. fxg4 {[%emt 0:00:01]} Qf4 {[%emt 0:00:06]} 48. Qe1 {[%emt 0:00:05]} g5 {[%emt 0:00:08]} 49. b5 {[%emt 0:00:17]} cxb5 {[%emt 0:00:06]} 50. c6 {[%emt 0:00:01]} Qc4 {[%emt 0:00:06]} 51. Qe4 {[%emt 0:00:06]} Qc1+ {[%emt 0:00:07]} 52. Kh2 {[%emt 0:00:02]} Qc3 {[%emt 0:00:02]} 53. Qf3 {[%emt 0:00:05]} Qxa5 {[%emt 0:00:03]} 54. Qf6+ {[%emt 0:00:02]} Kh7 {[%emt 0:00:01]} 55. Qxe6 {[%emt 0:00:04]} Qd2 {[%emt 0:00:02]} 56. Qf5+ {[%emt 0:00:02] Zeit (Lag: Av=0.77s, max=1.4s)} 1-0

[Event "448. Wednesday (05.08.2020)"]
[Site "Official B"]
[Date "2020.08.05"]
[Round "1"]
[White "Watchel"]
[Black "Sheded A"]
[Result "0-1"]
[WhiteElo "1669"]
[BlackElo "2072"]
[Annotator "TA"]
[PlyCount "56"]
[EventDate "2020.08.05"]
[EventType "swiss (blitz)"]

{[%evp 12,56,12,-2,12,-35,-38,-66,-63,-72,-54,-73,-63,-123,-125,-146,-141,-139,-139,-145,-139,-140,-97,-131,-114,-179,-145,-255,-253,-365,-348,-397,-376,-373,-332,-340,-339,-331,-305,-888,-862,-6107,-6245,-5202,-5198,-2761,-2614]} 1. c4 Nf6 2. Nc3 g6 3. g3 Bg7 4. Bg2 O-O 5. Nf3 c6 6. O-O d5 7. d3 d4 {A16: English Opening: 1...Nf6 with ...d5.} 8. Nb1 c5 {[#]} 9. Bd2 $146 ({Predecessor:} 9. a3 a5 10. Bg5 h6 11. Bxf6 Bxf6 12. Nbd2 Bg7 13. b4 axb4 14. axb4 Rxa1 15. Qxa1 cxb4 16. Nb3 Nc6 17. Qb2 {1-0 (17) MacMillen,A (1688)-Joslin,K (1651) ICCF email 2017}) 9... Nc6 {Black is slightly better.} 10. a3 a5 11. Qe1 e5 12. Ng5 (12. Qc1 $15) 12... h6 $17 13. Ne4 Nxe4 14. Bxe4 Bh3 15. Bg2 Bxg2 16. Kxg2 Qe7 17. Qc1 Kh7 18. b3 (18. e4 $17) 18... f5 19. Qb2 (19. a4 $17) 19... e4 $19 20. b4 (20. f3 {is a better defense.}) 20... axb4 ({Don't play} 20... cxb4 21. axb4 axb4 22. Rxa8 $19) 21. axb4 Rxa1 22. Qxa1 e3 23. Be1 cxb4 24. Qa4 f4 {...exf2 is the strong threat.} 25. Bxb4 $2 (25. f3) 25... Nxb4 {Black is clearly winning.} 26. Na3 {[#]} f3+ $1 27. exf3 e2 28. Re1 Nxd3 {Accuracy: White = 23%, Black = 90%.} 0-1

[Event "448. Wednesday (05.08.2020)"]
[Site "Official B"]
[Date "2020.08.05"]
[Round "1"]
[White "Chessalex"]
[Black "Mehrdadahouran"]
[Result "0-1"]
[WhiteElo "1645"]
[BlackElo "2218"]
[Annotator "TA"]
[PlyCount "84"]
[EventDate "2020.08.05"]
[EventType "swiss (blitz)"]

{[%evp 10,84,13,9,29,31,40,37,21,26,45,49,50,30,73,45,55,58,56,39,100,94,77,60,67,55,89,60,122,71,101,65,191,50,254,261,327,252,246,0,97,60,135,134,199,51,56,0,27,37,34,-320,-191,-187,-163,-162,-155,-164,-103,-327,-243,-566,-581,-918,-643,-718,-719,-864,-871,-1614,-1537,-2638,-2629,-29964,-5585,-6610,-3373]} 1. e4 e6 2. d4 d5 3. exd5 exd5 4. Bd3 Nc6 5. c3 Bd6 6. Nf3 Nf6 {C01: French: Exchange Variation.} 7. O-O O-O 8. Bg5 h6 {White is slightly better.} 9. Bh4 Re8 10. Nbd2 Bg4 11. Re1 {[#]} g5 $146 ({Predecessor:} 11... Bf4 12. Qc2 Qd7 13. Bg3 Bxg3 14. hxg3 Re7 15. Ne5 Nxe5 16. Rxe5 Rae8 17. Rae1 Qd6 18. f3 Bd7 19. R5e2 Rxe2 20. Rxe2 {½-½ (20) Giese,P (1251)-Thormann,G (1060) Magdeburg 2013}) 12. Bg3 Qd7 13. Qb3 Rab8 14. Rxe8+ Qxe8 (14... Rxe8 $14 15. Bxd6 Qxd6) 15. Re1 $36 {[%mdl 2048] Keeping Black busy.} Qd7 16. Ne5 Bxe5 $1 17. dxe5 Ne8 18. h3 Be6 (18... Bf5 $14 19. Bxf5 Qxf5) 19. Qc2 (19. f4 $142) 19... Ng7 $16 20. f4 Ne7 (20... Nh5 $14) 21. Rf1 (21. fxg5 $18 hxg5 22. Nf3) 21... c5 $2 (21... Nef5 $14 22. Bf2 gxf4) 22. fxg5 $18 hxg5 23. Bh7+ Kh8 24. Bd3 $2 (24. Rf6 $18) 24... c4 (24... Kg8 $1 $11 {remains equal.}) 25. Be2 Bf5 ({Black should play} 25... Rg8 $14) 26. Qd1 $16 {Black must now prevent e6!} Re8 {[#]} (26... Rg8 $16 {was necessary.}) 27. Bf3 ({Better is} 27. Nf3 $1 $18) 27... Nc6 $14 28. Bh5 (28. Re1 $14) 28... Nxe5 29. Bxe5 Rxe5 30. Bf3 $2 {[%mdl 8192]} (30. Nf3 $14 Re7 {[#]} 31. Bxf7 $1 {[%mdl 576] Decoy} Rxf7 32. Ne5 {[%mdl 64] Double Attack}) 30... Bd3 (30... Qe7 $142 {And now ...Bd3 would win.} 31. Kh2 Bd3) 31. Re1 $19 Qe6 32. Rxe5 Qxe5 33. Nf1 f5 (33... d4 $19 34. Qd2 b5 35. cxd4 Qxd4+ 36. Qf2 Ne6) 34. b3 $2 (34. Qd2 $17) 34... b5 35. g3 $2 (35. bxc4 {is a better chance.} dxc4 36. Qc1) 35... Qxc3 36. Kg2 Qe5 37. Qd2 Ne6 38. Ne3 d4 39. Nd5 Be4 40. Bxe4 Qxe4+ 41. Kh2 Qxd5 42. Qe2 Kg7 {Accuracy: White = 33%, Black = 40%.} 0-1

[Event "448. Wednesday (05.08.2020)"]
[Site "Official B"]
[Date "2020.08.05"]
[Round "1"]
[White "Handgottes"]
[Black "Sonek"]
[Result "0-1"]
[WhiteElo "1627"]
[BlackElo "1803"]
[Annotator "NA RC"]
[PlyCount "44"]
[EventDate "2020.08.05"]
[EventType "swiss (blitz)"]

1. e4 {[%emt 0:00:03]} e6 {[%emt 0:00:02]} 2. d4 {[%emt 0:00:03]} d5 {[%emt 0:00:01]} 3. exd5 {[%emt 0:00:02]} exd5 {[%emt 0:00:00]} 4. Nf3 {[%emt 0:00:01]} Bd6 {[%emt 0:00:03]} 5. Be2 {[%emt 0:00:04]} Nf6 {[%emt 0:00:06]} 6. O-O {[%emt 0:00:03]} h6 {[%emt 0:00:02]} 7. c4 {[%emt 0:00:08]} c6 {[%emt 0:00:05]} 8. cxd5 {[%emt 0:00:04]} Nxd5 {[%emt 0:00:06]} 9. Nc3 {[%emt 0:00:01]} Be6 {[%emt 0:00:06]} 10. Bd3 {[%emt 0:00:17]} O-O {[%emt 0:00:06]} 11. Be3 {[%emt 0:00:20]} Nd7 {[%emt 0:00:05]} 12. Bc2 {[%emt 0:00:05]} N7f6 {[%emt 0:00:22]} 13. a3 {[%emt 0:00:08]} Qc7 {[%emt 0:00:08]} 14. Qd3 {[%emt 0:00:07]} Rad8 {[%emt 0:00:28]} 15. Ne4 {[%emt 0:00:04]} Nxe4 {[%emt 0:00:07]} 16. Qxe4 {[%emt 0:00:04]} Nf6 {[%emt 0:00:01]} 17. Qh4 {[%emt 0:00:12]} Bd5 {[%emt 0:00:38]} 18. Bxh6 {[%emt 0:00:14]} Bxf3 {[%emt 0:00:08]} 19. gxf3 {[%emt 0:00:35]} Bxh2+ {[%emt 0:00:02]} 20. Kh1 {[%emt 0:00:21]} Rd5 {[%emt 0:00:14]} 21. Bxg7 {[%emt 0:00:08]} Rh5 {[%emt 0:00:02]} 22. Qg5 {[%emt 0:00:32]} Rxg5 {[%emt 0:00:03] Handgottes gibt auf (Lag: Av=1.71s, max=2.4s)} 0-1